00586nam a2200169 a 450000100100000000500170001000800410002704000250006808200150009311000300010824500710013826000480020930000200025704900090027795201130028699900170039900003130420200930062834.0110617s2001 dr 000 0 spa d aDO-SdBNPbspacBNPHU axxxxbC6692 aVerizon Dominicana95775710aCódigo de conducta empresarial :bcomunicación con integridad. aSanto Domingo :bVerizon Dominicana,c2001. a68 p. ;c28 cm. aBNPD 0010718PDaPDbPDcCTd2011-06-17iLF1l0oxxxx C669p31304-10r2020-06-25w2020-06-25yLFPDZNo se presta c30796d30796